Library Logo

Pioneer International University Library Catalogue

Buddenbrooks / (Record no. 10106)

MARC details
000 -LEADER
fixed length control field 00995nam a22003017a 4500
003 - CONTROL NUMBER IDENTIFIER
control field OSt
005 - DATE AND TIME OF LATEST TRANSACTION
control field 20260428114833.0
008 - FIXED-LENGTH DATA ELEMENTS--GENERAL INFORMATION
fixed length control field 260428b |||||||| |||| 00| 0 eng d
010 ## - LIBRARY OF CONGRESS CONTROL NUMBER
LC control number 83040400
020 ## - INTERNATIONAL STANDARD BOOK NUMBER
International Standard Book Number 83040400
Qualifying information (pbk.)
020 ## - INTERNATIONAL STANDARD BOOK NUMBER
International Standard Book Number 9780394726373
Qualifying information (pbk.)
040 ## - CATALOGING SOURCE
Language of cataloging eng
Transcribing agency DLC
Modifying agency OCLCG
050 ## - LIBRARY OF CONGRESS CALL NUMBER
Classification number PT 2625.A44
Item number .B813 1984
100 ## - MAIN ENTRY--PERSONAL NAME
Personal name Mann, Thomas,
Dates associated with a name 1875-1955.
240 ## - UNIFORM TITLE
Uniform title Buddenbrooks.
Language of a work English.
245 ## - TITLE STATEMENT
Title Buddenbrooks /
Statement of responsibility, etc. Thomas Mann ; translated from the German by H.T. Lowe-Porter.
250 ## - EDITION STATEMENT
Edition statement 1st ed.
260 ## - PUBLICATION, DISTRIBUTION, ETC.
Place of publication, distribution, etc. New York :
Name of publisher, distributor, etc. Vintage Books,
Date of publication, distribution, etc. 1984, c1952.
300 ## - PHYSICAL DESCRIPTION
Extent 604 pages ;
Dimensions 21 cm
490 ## - SERIES STATEMENT
Series statement Vintage international
500 ## - GENERAL NOTE
General note Originally published in German in 1901.
546 ## - LANGUAGE NOTE
Language note Translated from the German
650 ## - SUBJECT ADDED ENTRY--TOPICAL TERM
Topical term or geographic name entry element Families
Form subdivision Fiction.
Geographic subdivision Germany
650 ## - SUBJECT ADDED ENTRY--TOPICAL TERM
Topical term or geographic name entry element Social classes
Form subdivision Fiction.
Geographic subdivision Germany
700 ## - ADDED ENTRY--PERSONAL NAME
Personal name Lowe-Porter, H. T.
Dates associated with a name 1876-1963.
Relator term translator.
Fuller form of name (Helen Tracy),
830 ## - SERIES ADDED ENTRY--UNIFORM TITLE
Uniform title Vintage international.
942 ## - ADDED ENTRY ELEMENTS (KOHA)
Source of classification or shelving scheme Library of Congress Classification
Koha item type Books
Edition 1st ed.
Suppress in OPAC No
Holdings
Withdrawn status Lost status Source of classification or shelving scheme Damaged status Not for loan Home library Current library Date acquired Total checkouts Full call number Barcode Date last seen Price effective from Koha item type
    Library of Congress Classification     PIU Library Main Library 04/28/2026   PT 2625 .A44 .B813 1984 PIUDLMUR1095 04/28/2026 04/28/2026 Books